[Event "IND Challenger (Women)"]
[Site "Nagpur"]
[Date "2009.09.09"]
[Round "3"]
[White "Priya, Sandhya P"]
[Black "Mitali, Madhukar Patil"]
[Result "1/2-1/2"]
[WhiteElo "2187"]
[BlackElo "2041"]
[PlyCount "59"]
[EventDate "2009.09.07"]
[EventType "swiss"]
[EventRounds "11"]
[EventCountry "IND"]
[SourceTitle "CBM 132 Extra"]
[Source "ChessBase"]
[SourceDate "2009.11.03"]
[SourceVersion "1"]
[SourceVersionDate "2009.11.03"]
[SourceQuality "1"]

1. e4 e5 2. Nf3 Nc6 3. Bb5 a6 4. Bxc6 dxc6 5. 0-0 f6 6. d4 exd4 7. Nxd4 c5 8. Nb3 Qxd1 9. Rxd1 Bg4 10. f3 Be6 11. Nc3 c4 12. Nd4 Bc5 13. Be3 Bf7 14. Kf1 0-0-0 15. Nf5 Bxe3 16. Rxd8+ Kxd8 17. Nxe3 Ne7 18. Rd1+ Kc8 19. f4 Rd8 20. Rxd8+ Kxd8 21. Kf2 Kd7 22. Kf3 Kd6 23. e5+ fxe5 24. Ne4+ Kc6 25. fxe5 Bd5 26. Kf4 Ng6+ 27. Kf5 Ne7+ 28. Kf4 Ng6+ 29. Kf5 Ne7+ 30. Kf4 1/2-1/2